Normal view
MARC view
Entry Topical Term
001 - CONTROL NUMBER
- control field: 27164
003 - CONTROL NUMBER IDENTIFIER
- control field: OSt
005 - DATE AND TIME OF LATEST TRANSACTION
- control field: 20140523135827.0
008 - FIXED-LENGTH DATA ELEMENTS
- fixed length control field: 140523|| aca||aabn | a|a d
040 ## - CATALOGING SOURCE
- Original cataloging agency: OSt
- Transcribing agency: OSt
600 ## -
- : Web sites
- : Design.
670 ## - SOURCE DATA FOUND
- Source citation: Work cat.: (OSt)0: Web development recipes /, 2012.
